书目信息 |
| 题名: |
C语言程序设计
|
|
| 作者: | 王成端 , 徐翠霞 主编 | |
| 分册: | ||
| 出版信息: | 北京 中国水利水电出版社 2008.07 |
|
| 页数: | 286页 | |
| 开本: | 26cm | |
| 丛书名: | ||
| 单 册: | ||
| 中图分类: | TP312C | |
| 科图分类: | ||
| 主题词: | C语言 , C语言--程序设计--高等学校--教材 , 程序设计 | |
| 电子资源: | ||
| ISBN: | 978-7-5084-5573-0 | |
| 000 | 01065nam0 2200325 450 | |
| 001 | 0100140776 | |
| 005 | 20141020221628.0 | |
| 010 | @a978-7-5084-5573-0@dCNY30.00 | |
| 100 | @a20080821d2008 em y0chiy50 ea | |
| 101 | 0 | @achi |
| 101 | 11 | @achi |
| 102 | @aCN@b110000 | |
| 105 | @ay z 000yy | |
| 106 | @ar | |
| 200 | 1 | @aC语言程序设计@AC yu yan cheng xu she ji@b专著@f王成端,徐翠霞主编@Fwang cheng duan xu cui xia zhu bian |
| 205 | @a2版 | |
| 210 | @a北京@c中国水利水电出版社@d2008.07 | |
| 215 | @a286页@d26cm | |
| 300 | @a21世纪高等院校规划教材 | |
| 330 | @a本书内容包括:程序设计及C语言概述,基本数据类型、运算符和表达式,C语句和结构化程序设计,数组,函数,编译预处理,指针,结构体、共用体和枚举,位运算,文件以及软件开发综合实例。 | |
| 540 | @aC语言程序设计 | |
| 606 | 0 | @aC语言 |
| 606 | 0 | @aC语言@x程序设计@x高等学校@j教材 |
| 606 | 0 | @a程序设计 |
| 690 | @aTP312C@v5 | |
| 701 | 0 | @a王成端@Awang cheng duan@4主编 |
| 701 | 1 | @a徐翠霞@Axu cui xia@4主编 |
| 801 | @aCN | |
| 901 | @a001 | |
| 905 | @b1104103-5@dTP312C@eW120@f3@a241430 | |
| C语言程序设计/王成端,徐翠霞主编.-2版.-北京:中国水利水电出版社,2008.07 |
| 286页;26cm |
| 21世纪高等院校规划教材 |
| ISBN 978-7-5084-5573-0:CNY30.00 |
| 本书内容包括:程序设计及C语言概述,基本数据类型、运算符和表达式,C语句和结构化程序设计,数组,函数,编译预处理,指针,结构体、共用体和枚举,位运算,文件以及软件开发综合实例。 |
| ● |
| 相关链接 |
|
|
|
正题名:C语言程序设计
索取号:TP312C/W120
 
预约/预借
| 序号 | 登录号 | 条形码 | 馆藏地/架位号 | 状态 | 备注 |
| 1 | 1104103 | 211041031 | 自科库301/301自科库 54排6列3层/ [索取号:TP312C/W120] | 在馆 | |
| 2 | 1104104 | 211041040 | 自科库301/301自科库 54排6列3层/ [索取号:TP312C/W120] | 在馆 | |
| 3 | 1104105 | 211041059 | 自科库301/404自科库 14排4列4层/ [索取号:TP312C/W120] | 在馆 |